[Event "7. Lichtenberger Sommer"]
[Site "Berlin"]
[Date "2008.08.21"]
[Round "6.73"]
[White "Schleich, Theodor"]
[Black "Mühlhan, Klaus"]
[Result "1/2-1/2"]
[WhiteElo "2099"]
[BlackElo "2006"]
[PlyCount "71"]
[EventDate "2008.??.??"]
[WhiteTeam "FC Bayern München e.V."]
[BlackTeam "SC Empor Potsdam 1952 e.V."]

1. d4 Nf6 2. Bg5 d5 3. Bxf6 exf6 4. Nc3 Bb4 5. e3 O-O 6. Bd3 Re8 7. a3 Ba5 8.
Nge2 c6 9. O-O Bc7 10. e4 dxe4 11. Nxe4 f5 12. Nd2 Qf6 13. f4 Nd7 14. Nf3 c5
15. c3 cxd4 16. Nfxd4 Nc5 17. Bb5 Re4 18. b4 Ne6 19. Bd3 Nxd4 20. Nxd4 Rxf4 21.
Rxf4 Bxf4 22. Qf3 Qe5 23. Kf2 Bd2 24. Nxf5 Bxf5 25. Qxf5 Qxf5+ 26. Bxf5 Bxc3
27. Rd1 g6 28. Be4 a5 29. b5 Rb8 30. Rd7 b6 31. Bd5 Rf8 32. Ke3 Bb2 33. a4 Ba3
34. Kf4 Kg7 35. Ke5 Re8+ 36. Kf4 1/2-1/2

[Event "7. Lichtenberger Sommer"]
[Site "Berlin"]
[Date "2008.08.21"]
[Round "6.74"]
[White "Schweitzer, Paul"]
[Black "Pozzo, Dominic"]
[Result "0-1"]
[WhiteElo "1829"]
[BlackElo "1248"]
[PlyCount "55"]
[EventDate "2008.??.??"]
[WhiteTeam "SV Königsjäger Süd-West e.V."]
[BlackTeam "Richmond Juniors"]

1. Nf3 Nf6 2. b3 d5 3. Bb2 e6 4. e3 Nbd7 5. d3 b6 6. Nbd2 Bb7 7. Be2 Bd6 8. O-O
c5 9. c4 Qc7 10. Rc1 Ng4 11. g3 h5 12. cxd5 h4 13. Ne4 Bxd5 14. Nxd6+ Qxd6 15.
e4 hxg3 16. hxg3 Ne3 17. Qd2 Nxf1 18. Bxf1 Bc6 19. Qg5 Qf8 20. Qf4 f6 21. d4
Qf7 22. dxc5 Qh5 23. Qh4 Qxh4 24. Nxh4 g5 25. cxb6 Bxe4 26. Re1 Bd5 27. Bg2
Nxb6 28. Bxf6 0-1

[Event "7. Lichtenberger Sommer"]
[Site "Berlin"]
[Date "2008.08.21"]
[Round "6.75"]
[White "Roth, Joachim"]
[Black "Krüger, Stefan"]
[Result "1/2-1/2"]
[WhiteElo "1861"]
[BlackElo "1548"]
[PlyCount "97"]
[EventDate "2008.??.??"]
[WhiteTeam "SG Bund"]
[BlackTeam "SC Friesen Lichtenberg e.V."]

1. d4 d5 2. Nf3 e6 3. e3 c5 4. c3 Nf6 5. Bd3 Nc6 6. Nbd2 Be7 7. O-O O-O 8. Qe2
a6 9. dxc5 Bxc5 10. e4 e5 11. h3 Re8 12. Nb3 dxe4 13. Bxe4 Nxe4 14. Qxe4 Ba7
15. Be3 Bxe3 16. fxe3 f5 17. Qc2 Qe7 18. Rae1 Be6 19. a4 Rad8 20. Nbd2 b5 21.
Kh1 e4 22. Nd4 Nxd4 23. exd4 Qg5 24. axb5 axb5 25. Re2 Bd5 26. b3 Bc6 27. Qb1
Re6 28. Qe1 Rh6 29. Re3 Rg6 30. Qe2 Re8 31. c4 bxc4 32. bxc4 Bd7 33. g3 h5 34.
Rf4 Qh6 35. Qf2 Rg5 36. d5 Ra8 37. Nb3 Qa6 38. c5 Ba4 39. Nd4 Qc4 40. Nxf5 Qxc5
41. Rfxe4 Bc2 42. Re8+ Kh7 43. Rxa8 Rxf5 44. Qe2 Rxd5 45. Ra5 Qxa5 46. Qxc2+ g6
47. Re7+ Kh6 48. Qe2 Qc3 49. Qe3+ 1/2-1/2

[Event "7. Lichtenberger Sommer"]
[Site "Berlin"]
[Date "2008.08.21"]
[Round "6.76"]
[White "Schönemann, Manfred"]
[Black "Hantusch, Ralf"]
[Result "0-1"]
[WhiteElo "1807"]
[BlackElo "1805"]
[PlyCount "78"]
[EventDate "2008.??.??"]
[WhiteTeam "SV Turbine Berlin e.V."]
[BlackTeam "SV Bau-Union e.V."]

1. d4 Nf6 2. c4 g6 3. g3 Bg7 4. Bg2 c6 5. Nf3 O-O 6. O-O d5 7. Qb3 e6 8. Nc3
Qb6 9. e3 Nbd7 10. Re1 Rd8 11. Na4 Qxb3 12. axb3 Ne4 13. Nd2 Nd6 14. Nc3 a6 15.
c5 Nf5 16. Nf3 e5 17. Rd1 exd4 18. exd4 Re8 19. g4 Nh6 20. h3 Nf8 21. Bxh6 Bxh6
22. Re1 Bd7 23. Ne5 Bf4 24. Nxd7 Nxd7 25. Kf1 Nf6 26. Ne2 Bc7 27. f4 Ne4 28.
Bxe4 Rxe4 29. f5 Rae8 30. Rad1 Kf8 31. fxg6 fxg6 32. Nc3 Rf4+ 33. Kg2 Rxe1 34.
Rxe1 Rxd4 35. Re2 Rb4 36. Rf2+ Rf4 37. Rxf4+ Bxf4 38. Kf3 Bd2 39. Nd1 Ke7 0-1

[Event "7. Lichtenberger Sommer"]
[Site "Berlin"]
[Date "2008.08.21"]
[Round "6.77"]
[White "Moritz, Aron"]
[Black "Prix, Siegfried"]
[Result "1-0"]
[WhiteElo "1967"]
[BlackElo "1761"]
[PlyCount "81"]
[EventDate "2008.??.??"]
[WhiteTeam "SV Empor Berlin e.V."]
[BlackTeam "Sfrd. Berlin 1903 e.V."]

1. e4 e5 2. Nf3 Nc6 3. Bc4 Bc5 4. c3 Nf6 5. d3 O-O 6. Nbd2 d6 7. Bb3 Bg4 8. h3
Bh5 9. Nf1 d5 10. exd5 Nxd5 11. Ng3 Bg6 12. O-O Nf6 13. Bc2 h6 14. Nh4 Bh7 15.
Qf3 Qd5 16. Ne4 Nxe4 17. dxe4 Qd8 18. Nf5 Kh8 19. Kh1 Qf6 20. Re1 Nd8 21. Be3
Bxe3 22. Rxe3 Ne6 23. g3 Rad8 24. Qe2 g5 25. Qh5 Bxf5 26. exf5 Ng7 27. Qe2 Rfe8
28. Re1 Qc6+ 29. Kg1 f6 30. Be4 Qb6 31. Kg2 Re7 32. Rd3 Red7 33. Rxd7 Rxd7 34.
Rh1 c6 35. h4 Kg8 36. hxg5 hxg5 37. Qc4+ Kf8 38. Rh8+ Ke7 39. Qg8 Kd6 40. Qf8+
Kc7 41. Qb8# 1-0

[Event "7. Lichtenberger Sommer"]
[Site "Berlin"]
[Date "2008.08.21"]
[Round "6.78"]
[White "Dvorsky, Rudolf"]
[Black "Apel, Wolfgang"]
[Result "1-0"]
[WhiteElo "1794"]
[BlackElo "1786"]
[PlyCount "53"]
[EventDate "2008.??.??"]
[WhiteTeam "SG Narva Berlin e.V."]
[BlackTeam "SV Berolina Mitte e.V."]

1. e4 c5 2. Nf3 Nc6 3. d4 cxd4 4. Nxd4 Nf6 5. Nc3 e5 6. Ndb5 d6 7. Bg5 a6 8.
Na3 b5 9. Nd5 Qa5+ 10. Bd2 Qd8 11. Nxf6+ Qxf6 12. Bd3 Be6 13. O-O g6 14. c3 Bg7
15. f4 exf4 16. Bxf4 Qe7 17. Nxb5 axb5 18. Bxb5 Qb7 19. a4 O-O 20. Qxd6 Rac8
21. Rad1 Na7 22. Ba6 Qxb2 23. Bxc8 Nxc8 24. Qc7 Qxc3 25. a5 Bd4+ 26. Kh1 Kg7
27. Rxd4 1-0

[Event "7. Lichtenberger Sommer"]
[Site "Berlin"]
[Date "2008.08.21"]
[Round "6.79"]
[White "Schalck, Christiano"]
[Black "Winz, Michael"]
[Result "1-0"]
[WhiteElo "1747"]
[BlackElo "1711"]
[PlyCount "35"]
[EventDate "2008.??.??"]
[WhiteTeam "SC Schwarz-Weiß Lichtenrade e.V."]
[BlackTeam "SC Friesen Lichtenberg e.V."]

1. e4 e5 2. Nf3 Nc6 3. Bb5 a6 4. Ba4 Nf6 5. O-O b5 6. Bb3 Be7 7. Re1 O-O 8. c3
d5 9. exd5 Nxd5 10. Nxe5 Nxe5 11. Rxe5 c6 12. d4 Bd6 13. Re1 Qh4 14. g3 Qh3 15.
Re4 Bg4 16. Qxg4 Qxg4 17. Rxg4 Rfe8 18. Kf1 1-0

[Event "7. Lichtenberger Sommer"]
[Site "Berlin"]
[Date "2008.08.21"]
[Round "6.80"]
[White "Sawlin, Leonid"]
[Black "Winter, Jürgen"]
[Result "1/2-1/2"]
[WhiteElo "1872"]
[BlackElo "1416"]
[PlyCount "75"]
[EventDate "2008.??.??"]
[WhiteTeam "TuS Makkabi Berlin e.V."]
[BlackTeam "SC Rochade Müncheberg"]

1. e4 Nc6 2. d4 d5 3. e5 Bf5 4. c3 e6 5. h4 h5 6. Be2 Bg6 7. Be3 Be7 8. g3 f6
9. f4 Qd7 10. Nf3 Nh6 11. exf6 gxf6 12. Nbd2 Ng4 13. Nf1 Bd6 14. Qd2 Ne7 15.
O-O-O O-O-O 16. N3h2 Nxe3 17. Qxe3 Nf5 18. Qf2 Rde8 19. Ne3 Qa4 20. Bd3 Qxa2
21. Nxf5 Qa1+ 22. Kc2 Qa4+ 23. Kc1 Bxf5 24. Bxf5 exf5 25. Nf3 Re7 26. Rhe1 Rhe8
27. Rxe7 Rxe7 28. Re1 Qa1+ 29. Kc2 Rxe1 30. Nxe1 Qa4+ 31. Kc1 Qe8 32. Kd2 Qe4
33. Qe2 Qxe2+ 34. Kxe2 b6 35. Nc2 a5 36. Ne3 c6 37. Nxf5 Bf8 38. Ne3 1/2-1/2

[Event "7. Lichtenberger Sommer"]
[Site "Berlin"]
[Date "2008.08.21"]
[Round "6.81"]
[White "Glöß, Henrik"]
[Black "Alvarez, Luis"]
[Result "0-1"]
[WhiteElo "1419"]
[BlackElo "1824"]
[PlyCount "34"]
[EventDate "2008.??.??"]
[WhiteTeam "Sfr.Nord-Ost Berlin"]
[BlackTeam "Schachclub Zug um Zug Everswinke"]

1. d4 d5 2. Nf3 Nf6 3. c4 e6 4. g3 c6 5. Bg2 Nbd7 6. Nc3 Bd6 7. O-O O-O 8. cxd5
exd5 9. Bg5 h6 10. Bd2 Re8 11. h4 Nf8 12. Nh2 Ng4 13. e4 Nxh2 14. Kxh2 dxe4 15.
Nxe4 Rxe4 16. Rh1 Rxd4 17. Qc2 Rxd2 0-1

[Event "7. Lichtenberger Sommer"]
[Site "Berlin"]
[Date "2008.08.21"]
[Round "6.82"]
[White "Thonig, Manfred"]
[Black "Pixa, Richard"]
[Result "1/2-1/2"]
[WhiteElo "1728"]
[BlackElo "1381"]
[PlyCount "80"]
[EventDate "2008.??.??"]
[WhiteTeam "SC Starnberg"]
[BlackTeam "Treptower SV 1949 e.V."]

1. f4 d5 2. e4 dxe4 3. Nc3 Nf6 4. Qe2 Nc6 5. Nxe4 e6 6. c3 Be7 7. Nf3 Bd7 8. d4
O-O 9. Neg5 h6 10. Ne4 Nd5 11. g3 Bf6 12. Bh3 Qe7 13. O-O Nb6 14. Nc5 Rab8 15.
Bd2 Nxd4 16. cxd4 Bxd4+ 17. Nxd4 Qxc5 18. Qf2 Rbd8 19. Rac1 Qd6 20. Rcd1 Ba4
21. b3 Qxd4 22. Qxd4 Rxd4 23. bxa4 Rxa4 24. a3 Rd8 25. Bb4 Rxd1 26. Rxd1 Nd5
27. Rd4 b6 28. f5 Nxb4 29. Rd8+ Kh7 30. axb4 exf5 31. Bxf5+ g6 32. Bd3 Rxb4 33.
Rd7 Kg7 34. Rxc7 a5 35. Bc4 a4 36. Rxf7+ Kg8 37. Rf4+ Kg7 38. Rf7+ Kg8 39. Rf4+
Kg7 40. Rf7+ Kg8 1/2-1/2

[Event "7. Lichtenberger Sommer"]
[Site "Berlin"]
[Date "2008.08.21"]
[Round "6.83"]
[White "Mako, Atila"]
[Black "Bauer, Stefan"]
[Result "1/2-1/2"]
[WhiteElo "1794"]
[BlackElo "1816"]
[PlyCount "141"]
[EventDate "2008.??.??"]
[WhiteTeam "BSC Rehberge 1945 e.V."]
[BlackTeam "SC Kreuzberg e.V."]

1. d4 Nf6 2. Bf4 d6 3. Nf3 Bg4 4. e3 Nbd7 5. Bc4 e6 6. h3 Bh5 7. Nbd2 c6 8. Qe2
Be7 9. Rd1 a6 10. Bb3 d5 11. c4 b5 12. c5 a5 13. e4 a4 14. Bc2 Bg6 15. Nh4 Nh5
16. Nxg6 hxg6 17. Bh2 Qa5 18. b4 Qxb4 19. exd5 cxd5 20. Qd3 Bf6 21. c6 Nb6 22.
O-O Bxd4 23. a3 Qc3 24. Rb1 Nc4 25. Nxc4 bxc4 26. Qxc3 Bxc3 27. Bd6 f5 28. Bxa4
Kf7 29. Rb7+ Kg8 30. Rfb1 Kh7 31. Rb8 Ba5 32. Rxh8+ Rxh8 33. Rb8 Nf6 34. c7
Bxc7 35. Bxc7 Rxb8 36. Bxb8 Kg8 37. Be5 Ne4 38. Bb5 Nc5 39. a4 Nb3 40. h4 Kf7
41. Kf1 d4 42. Ke1 c3 43. Bd3 Nc5 44. Bc4 Nxa4 45. Bxd4 Nb2 46. Bb3 Nd3+ 47.
Kd1 Ke7 48. Kc2 Ne1+ 49. Kxc3 Nxg2 50. Bxg7 Nxh4 51. Bd1 g5 52. Kd4 g4 53. Bh6
Kf6 54. Bf4 Ng6 55. Bh2 e5+ 56. Ke3 Kg5 57. Ke2 Kh4 58. Kf1 Kh3 59. Kg1 f4 60.
Bc2 Nh4 61. Be4 g3 62. fxg3 fxg3 63. Bxg3 Kxg3 64. Kf1 Kf4 65. Bb1 Ke3 66. Ke1
Nf3+ 67. Kd1 Nd2 68. Bh7 Nb3 69. Bg6 Nc5 70. Bh7 Ne6 71. Bg6 1/2-1/2

[Event "7. Lichtenberger Sommer"]
[Site "Berlin"]
[Date "2008.08.21"]
[Round "6.84"]
[White "Möller, Dirk"]
[Black "Junghänel, Dieter"]
[Result "1-0"]
[WhiteElo "1575"]
[BlackElo "1755"]
[PlyCount "72"]
[EventDate "2008.??.??"]
[WhiteTeam "SC Kreuzberg e.V."]
[BlackTeam "SV Motor Wildau e.V."]

1. e4 d5 2. exd5 Qxd5 3. d4 Nf6 4. Nc3 Qa5 5. Bd2 c6 6. Bc4 e6 7. Nf3 Nbd7 8.
Qe2 Be7 9. Ne5 Qd8 10. O-O-O h6 11. g4 g5 12. f4 b5 13. Bb3 Rg8 14. Ne4 Nxe4
15. Qxe4 Nxe5 16. dxe5 Qc7 17. Qh7 Rf8 18. Qxh6 gxf4 19. Bxf4 Bd7 20. g5 O-O-O
21. Qh5 Rh8 22. Qg4 Rdg8 23. h4 c5 24. c3 c4 25. Bc2 Bc6 26. Rhf1 Qa5 27. Kb1
b4 28. Bd2 Bd5 29. Be4 b3 30. a3 Bxa3 31. Bxd5 Qxd5 32. Qd4 Bc5 33. Qxd5 exd5
34. Be1 Rd8 35. Rxf7 a5 36. e6 Be7 1-0

[Event "7. Lichtenberger Sommer"]
[Site "Berlin"]
[Date "2008.08.21"]
[Round "6.85"]
[White "Jansen, Robert"]
[Black "Würsig, Mathias"]
[Result "0-1"]
[WhiteElo "1274"]
[BlackElo "1487"]
[PlyCount "82"]
[EventDate "2008.??.??"]
[WhiteTeam "SK Gilette"]
[BlackTeam "SV Blau-Gelb 1899 Hosena e.V."]

1. d4 Nf6 2. c4 d6 3. Nc3 g6 4. h3 Bg7 5. e3 O-O 6. Bd3 Nbd7 7. Nf3 c5 8. d5
Nb6 9. Qc2 Rb8 10. e4 Na8 11. Rb1 Nc7 12. Ne2 Bd7 13. Ng3 b5 14. b3 bxc4 15.
bxc4 Na6 16. Rxb8 Qxb8 17. a3 Qb6 18. O-O Rb8 19. Re1 Qa5 20. Qe2 e6 21. e5
dxe5 22. Nxe5 exd5 23. Nxd7 Nxd7 24. Rf1 d4 25. f4 Qd8 26. f5 Rb6 27. Ne4 Ne5
28. Bg5 Qb8 29. f6 Bf8 30. Bf4 Qe8 31. Ng5 Bh6 32. h4 Bxg5 33. Bxg5 Re6 34. h5
Nxc4 35. Qf2 Ne5 36. Bxa6 Rxa6 37. Re1 Re6 38. Qh4 Nf3+ 39. gxf3 Rxe1+ 40. Kg2
Qe2+ 41. Kg3 Rg1+ 0-1

[Event "7. Lichtenberger Sommer"]
[Site "Berlin"]
[Date "2008.08.21"]
[Round "6.86"]
[White "Richter, Dirk"]
[Black "Kitzler, Gerhard"]
[Result "1-0"]
[WhiteElo "1486"]
[BlackElo "1059"]
[PlyCount "42"]
[EventDate "2008.??.??"]
[WhiteTeam "SG Lok Brandenburg, Abt. Schach"]
[BlackTeam "SK 1858 Gießen"]

1. e4 e5 2. Nf3 Nc6 3. Bb5 Bc5 4. Bxc6 dxc6 5. O-O Qf6 6. h3 Ne7 7. b3 Ng6 8.
Bb2 O-O 9. d3 Re8 10. Nbd2 Nf4 11. Kh2 Qh6 12. Ng1 Qg5 13. Qf3 Re6 14. Nc4 Bd6
15. Bc1 Rh6 16. Bxf4 exf4 17. Nxd6 cxd6 18. Ne2 Bg4 19. Qxf4 Qxf4+ 20. Nxf4 g5
21. f3 Bd7 1-0

[Event "7. Lichtenberger Sommer"]
[Site "Berlin"]
[Date "2008.08.21"]
[Round "6.88"]
[White "Mahler, Sonja"]
[Black "Gabriel, Liem Than"]
[Result "0-1"]
[WhiteElo "1496"]
[BlackElo "1250"]
[PlyCount "62"]
[EventDate "2008.??.??"]
[WhiteTeam "SC Kreuzberg e.V."]
[BlackTeam "Treptower SV 1949 e.V."]

1. d4 Nf6 2. Bf4 e6 3. Nf3 Nc6 4. a3 Be7 5. e3 O-O 6. c4 d5 7. Nc3 Bd7 8. Qc2
Bd6 9. Bg5 dxc4 10. Bxc4 e5 11. dxe5 Nxe5 12. Nxe5 Bxe5 13. Ne4 Bf5 14. Bd3
Bxe4 15. Bxe4 h6 16. Rd1 Qe7 17. Bh4 Rfd8 18. Rc1 Qd6 19. Bf3 Qa6 20. Be2 Qa5+
21. Kf1 Rd2 22. Qf5 Rd5 23. Bc4 Qd2 24. Re1 Qxe1+ 25. Kxe1 Bc3+ 26. bxc3 Rxf5
27. Kd2 Ne4+ 28. Kc2 Rc5 29. Kd3 g5 30. Bg3 Nxg3 31. hxg3 Rd8+ 0-1

[Event "7. Lichtenberger Sommer"]
[Site "Berlin"]
[Date "2008.08.21"]
[Round "6.89"]
[White "Pöltelt, Helmut"]
[Black "Wierzbicki, Jirawat"]
[Result "1-0"]
[WhiteElo "1545"]
[BlackElo "734"]
[PlyCount "41"]
[EventDate "2008.??.??"]
[WhiteTeam "SC Eintracht Berlin e.V."]
[BlackTeam "Schachpinguine Berlin"]

1. e4 e5 2. Nf3 d6 3. d4 exd4 4. Nxd4 Nf6 5. Nc3 Be7 6. Bd3 Be6 7. Nxe6 fxe6 8.
O-O O-O 9. Re1 Nc6 10. Bc4 Qd7 11. a3 Rae8 12. Bb5 a6 13. Ba4 Rf7 14. Qe2 d5
15. e5 Ne4 16. Nxe4 dxe4 17. Qxe4 Rff8 18. c3 Rd8 19. Bc2 h6 20. Qh7+ Kf7 21.
Bg6# 1-0

[Event "7. Lichtenberger Sommer"]
[Site "Berlin"]
[Date "2008.08.21"]
[Round "6.90"]
[White "Udet, Fabian"]
[Black "Berg, Gerd"]
[Result "1-0"]
[WhiteElo "1560"]
[BlackElo "1717"]
[PlyCount "119"]
[EventDate "2008.??.??"]
[WhiteTeam "1. Schachclub Anhalt"]
[BlackTeam "SK König Tegel 1949 e.V."]

1. e4 c5 2. c3 d6 3. d4 cxd4 4. cxd4 e6 5. Nc3 a6 6. Nf3 Be7 7. Bd3 Nc6 8. Be3
b5 9. a3 Bb7 10. b4 Rc8 11. Rc1 Nf6 12. e5 dxe5 13. dxe5 Nd7 14. Bf4 Nb6 15.
Be2 O-O 16. O-O Qxd1 17. Rfxd1 Rfd8 18. Be3 Nd7 19. Bf4 Nb6 20. Bd3 g6 21. Ne4
Nd5 22. Bh6 Bf8 23. Bg5 Be7 24. Bh6 Bf8 25. Bxf8 Kxf8 26. Nd6 Nf4 27. Bf1 Rc7
28. Nxb7 Rxd1 29. Rxd1 Rxb7 30. g3 Nd5 31. Rc1 Nce7 32. Nd4 Rc7 33. Rxc7 Nxc7
34. Bg2 Ncd5 35. Kf1 Ke8 36. Ke2 Nc3+ 37. Kd3 Ned5 38. f4 Nb1 39. Bxd5 exd5 40.
Nc2 Kd7 41. Kd4 Kc6 42. g4 Nd2 43. h3 Nf3+ 44. Ke3 Ng1 45. h4 h5 46. gxh5 gxh5
47. Kf2 Nh3+ 48. Kg3 Ng1 49. Nd4+ Kd7 50. Kg2 Ke7 51. Kxg1 f6 52. Kf2 Kf7 53.
Kf3 Ke7 54. Nf5+ Kf7 55. Ke3 fxe5 56. fxe5 Ke6 57. Ng7+ Kxe5 58. Nxh5 Kf5 59.
Kd4 Ke6 60. Nf4+ 1-0

[Event "7. Lichtenberger Sommer"]
[Site "Berlin"]
[Date "2008.08.21"]
[Round "6.91"]
[White "Wolfram, Mike"]
[Black "Lippianowski, Stefan"]
[Result "1-0"]
[WhiteElo "1434"]
[BlackElo "953"]
[PlyCount "113"]
[EventDate "2008.??.??"]
[WhiteTeam "vereinslos"]
[BlackTeam "Treptower SV 1949 e.V."]

1. c4 e5 2. Nc3 c6 3. d4 Bd6 4. Nf3 Qb6 5. c5 Qb4 6. cxd6 exd4 7. Qxd4 Qxd4 8.
Nxd4 Nf6 9. Bg5 Ng4 10. Be7 Na6 11. a3 Nc5 12. h3 Ne5 13. b4 Ne6 14. e3 b5 15.
a4 Rb8 16. axb5 Bb7 17. Rxa7 f6 18. b6 Kf7 19. Ba6 Bxa6 20. Rxa6 Nd3+ 21. Ke2
Nxb4 22. Ra7 c5 23. Nxe6 Kxe6 24. b7 Nc6 25. Ra8 h5 26. Rha1 g5 27. Nb5 Kf7 28.
Nc7 Rhg8 29. Rxb8 Rxb8 30. Rb1 Nb4 31. Nb5 Rxb7 32. Nc7 Ra7 33. Rd1 Ra2+ 34.
Rd2 Ra1 35. Nd5 Nc6 36. Bxf6 Rg1 37. g3 Kg6 38. h4 gxh4 39. Bxh4 Ne5 40. Rc2
Ra1 41. f4 Ng4 42. Rxc5 Ra2+ 43. Kd1 Ra1+ 44. Rc1 Nf2+ 45. Kc2 Ra2+ 46. Kb3 Rd2
47. Ne7+ Kf7 48. Nf5 Kg6 49. Nd4 Ne4 50. f5+ Kf7 51. Rc7 Rd3+ 52. Kb4 Ke8 53.
Rc8+ Kf7 54. Rd8 Rxe3 55. Rxd7+ Ke8 56. Re7+ Kd8 57. Rxe4+ 1-0

[Event "7. Lichtenberger Sommer"]
[Site "Berlin"]
[Date "2008.08.21"]
[Round "6.92"]
[White "Paris, Gerhard"]
[Black "Bauerfeind, Lars"]
[Result "1-0"]
[WhiteElo "1696"]
[BlackElo "1289"]
[PlyCount "92"]
[EventDate "2008.??.??"]
[WhiteTeam "TSG Oberschöneweide e.V."]
[BlackTeam "SV Motor Eberswalde e.V."]

1. e4 c6 2. d4 d5 3. e5 Bf5 4. Bd3 Bxd3 5. Qxd3 e6 6. Ne2 Nd7 7. O-O Ne7 8. Ng3
Ng6 9. Nd2 c5 10. c3 Be7 11. Nf3 O-O 12. h3 Rc8 13. Bd2 Qb6 14. Nh2 Rb8 15. b3
cxd4 16. cxd4 Ba3 17. Rab1 Rbc8 18. b4 Qa6 19. Qxa6 bxa6 20. Rfd1 Rc2 21. b5
Rxa2 22. bxa6 Rb8 23. Rb7 Rxb7 24. axb7 Be7 25. Bc3 Ra3 26. Rc1 Rb3 27. Bd2
Rxb7 28. f4 f5 29. Ngf1 a6 30. g4 fxg4 31. hxg4 Ra7 32. f5 exf5 33. gxf5 Nh4
34. Rc8+ Nf8 35. Ng3 a5 36. Kf2 a4 37. Ng4 Rb7 38. f6 gxf6 39. Nh6+ Kh8 40.
exf6 Ba3 41. Bc1 Bb4 42. Nh5 Ra7 43. Bg5 Nhg6 44. f7 Ra6 45. Bf6+ Rxf6+ 46.
Nxf6 Bc3 1-0